000 00355nam a2200145Ia 4500
008 230917s9999||||xx |||||||||||||| ||und||
040 _e123754
_aMAIN
041 _aEnglish
082 _a631.4 G239M
100 _aGautam, Mamta
245 0 _aManagement of saline - alkali soil
260 _aJaipur
_bPanchsheel
_c2006
300 _a182 p.
942 _cBK
999 _c147231
_d147231